000
002580000a22000970004500
100
1
_a
Riria-Ouko, R. Jennifer
245
1
0
_a
Women and economy : Credit issues
300
_a
Vol. 44, Num. 2 (Junio, 1994), Páginas 79-88
773
0
_t
Reformed World
942
_c
ANA
999
_c
55354
_d
55354